The noble scholar, jurist, historian


 His Excellency Dr. Abdul Wahhab bin Ibrahim Abu Sulaiman, may Allah have mercy on him.


 He was born in Umm Al-Qura in the year 1356 AH.

اتفاقيات بين الحكومة العربية السعودية وشركة الزيت العربية الأمريكية / (Record no. 13425)

MARC details
000 -LEADER
fixed length control field 01701cam a22003731i 4500
003 - CONTROL NUMBER IDENTIFIER
control field SA-RiAUC
005 - DATE AND TIME OF LATEST TRANSACTION
control field 20251201134120.0
008 - FIXED-LENGTH DATA ELEMENTS--GENERAL INFORMATION
fixed length control field 251128s1964 su f z f00010 ara c
020 ## - INTERNATIONAL STANDARD BOOK NUMBER
International Standard Book Number 4319300
040 ## - CATALOGING SOURCE
Original cataloging agency SA-RiKAPL
Language of cataloging ara
Transcribing agency SA-RiAUC
Modifying agency SA-RiKSU
Description conventions rda
043 ## - GEOGRAPHIC AREA CODE
Geographic area code a-su---
072 #0 - SUBJECT CATEGORY CODE
Subject category code 036
082 04 - DEWEY DECIMAL CLASSIFICATION NUMBER
Classification number 338.2728202609531
Assigning agency SA-RiAUC
090 ## - LOCALLY ASSIGNED LC-TYPE CALL NUMBER (OCLC); LOCAL CALL NUMBER (RLIN)
Classification number (OCLC) (R) ; Classification number, CALL (RLIN) (NR) 338.2728202609531
Local cutter number (OCLC) ; Book number/undivided call number, CALL (RLIN) س ع و
110 1# - MAIN ENTRY--CORPORATE NAME
Corporate name or jurisdiction name as entry element السعودية
Relator term مؤلف.
240 10 - UNIFORM TITLE
Uniform title معاهدات، إلخ.
245 10 - TITLE STATEMENT
Title اتفاقيات بين الحكومة العربية السعودية وشركة الزيت العربية الأمريكية /
Statement of responsibility, etc. وزارة المالية والاقتصاد الوطني.
246 35 - VARYING FORM OF TITLE
Title proper/short title Agreements between the Saudi Arab government and the Arabian American Oil company
250 ## - EDITION STATEMENT
Edition statement الطبعة الثانية.
264 #1 - PRODUCTION, PUBLICATION, DISTRIBUTION, MANUFACTURE, AND COPYRIGHT NOTICE
Place of production, publication, distribution, manufacture مكة المكرمة :
Name of producer, publisher, distributor, manufacturer مطبعة الحكومة،
Date of production, publication, distribution, manufacture, or copyright notice 1964
300 ## - PHYSICAL DESCRIPTION
Extent 104 صفحة ؛
Dimensions 24 × 17 سم
336 ## - CONTENT TYPE
Content type term نص
Content type code txt
Source rdacontent
Materials specified كتاب
337 ## - MEDIA TYPE
Media type term بدون وسيط
Media type code n
Source rdamedia
338 ## - CARRIER TYPE
Carrier type term مجلد
Carrier type code nc
Source rdacarrier
500 ## - GENERAL NOTE
General note س ع/م ل/3/A3S1.
650 #7 - SUBJECT ADDED ENTRY--TOPICAL TERM
Topical term or geographic name entry element المطبوعات الحكومية
Source of heading or term aucsh
650 #7 - SUBJECT ADDED ENTRY--TOPICAL TERM
Topical term or geographic name entry element البترول
Geographic subdivision السعودية
General subdivision معاهدات
-- مطبوعات حكومية
Source of heading or term aucsh
650 #7 - SUBJECT ADDED ENTRY--TOPICAL TERM
Topical term or geographic name entry element البترول
General subdivision قوانين وتشريعات
-- مطبوعات حكومية
Geographic subdivision السعودية
Source of heading or term aucsh
651 #7 - SUBJECT ADDED ENTRY--GEOGRAPHIC NAME
Geographic name السعودية
General subdivision مطبوعات حكومية
Source of heading or term aucsh
710 2# - ADDED ENTRY--CORPORATE NAME
Corporate name or jurisdiction name as entry element أرامكو السعودية
Title of a work معاهدات، إلخ.
710 1# - ADDED ENTRY--CORPORATE NAME
Corporate name or jurisdiction name as entry element السعودية.
Subordinate unit وزارة المالية والاقتصاد الوطني
Relator term مؤلف.
942 ## - ADDED ENTRY ELEMENTS (KOHA)
Source of classification or shelving scheme Dewey Decimal Classification
Koha item type Books
Suppress in OPAC No
949 ## - LOCAL PROCESSING INFORMATION (OCLC)
a SA-JeALM
d 251128
u mohamedma123
n 1
Holdings
Withdrawn status Lost status Source of classification or shelving scheme Damaged status Not for loan Home library Current library Date acquired Total checkouts Full call number Barcode Date last seen Price effective from Koha item type
    Dewey Decimal Classification     DR AbdElwahab Library DR AbdElwahab Library 12/01/2025   338.2728202609531 س ع و 000021447 12/01/2025 12/01/2025 Books